Bisarpila. (Record no. 78004)

MARC details
000 -LEADER
fixed length control field 00482cam a22002051 4500
001 - CONTROL NUMBER
control field sa 68001514
003 - CONTROL NUMBER IDENTIFIER
control field DLC
005 - DATE AND TIME OF LATEST TRANSACTION
control field 20260227112434.0
008 - FIXED-LENGTH DATA ELEMENTS--GENERAL INFORMATION
fixed length control field 881028s1966 xx 000 0 benr
010 ## - LIBRARY OF CONGRESS CONTROL NUMBER
LC control number sa 68001514
035 ## - SYSTEM CONTROL NUMBER
System control number (OCoLC)23573458
040 ## - CATALOGING SOURCE
Original cataloging agency DLC
Transcribing agency MiU
Modifying agency DLC
042 ## - AUTHENTICATION CODE
Authentication code premarc
050 00 - LIBRARY OF CONGRESS CALL NUMBER
Classification number PK1730.12.N5
Item number B5
100 0# - MAIN ENTRY--PERSONAL NAME
Personal name Anjuman Ara Begum,
Dates associated with a name 1929-
245 10 - TITLE STATEMENT
Title Bisarpila.
260 ## - PUBLICATION, DISTRIBUTION, ETC.
Place of publication, distribution, etc. [n.p.
Date of publication, distribution, etc. 1966]
300 ## - PHYSICAL DESCRIPTION
Extent 142 p.
Dimensions 22 cm.
500 ## - GENERAL NOTE
General note Romanized.

No items available.

Powered by Koha